| 000 | 01919cgd a22002175a 4500 | ||
|---|---|---|---|
| 001 | L145037 | ||
| 008 | 080902s2008 xxk f 000 0 eng d | ||
| 020 | _a9780755958481 | ||
| 035 | _a(Sirsi) u145037 | ||
| 041 | 0 | _aeng | |
| 110 | 2 |
_aScotland _bScottish Government _95344 |
|
| 245 | 0 | 0 |
_aAction on climate change _bproposals for improving the energy performance of existing non-domestic buildings, a consultation by the Scottish Government _h[electronic resource] |
| 260 |
_aEdinburgh _bScottish Government _c2008 |
||
| 505 | 2 | _aMinisterial Foreword -- Introduction: government incentives to encourage action -- Relationship to the Scottish Government's Purpose -- The importance of the energy performance of non-domestic buildings in our strategy to tackle climate change -- Making the right decision for non-domestic buildings in carbon and cost terms -- Measures to improve the energy performance of existing non-domestic buildings: background; proposals; assessment of historic and traditional buildings; implementation; enforcement, contravention and sanctions -- Strategic Environmental Assessment -- Equality Impact Assessment -- Conclusion -- Glossary and abbreviations for useful terms -- Annex A: Partial Regulatory Impact Assessment -- Annex B: Questionnaire | |
| 520 | _aThis consultation seeks views on proposed measures requiring energy performance assessments to be carried out on non-domestic buildings and the introduction of measures to reduce carbon emissions. Comments are invited on the measures required as well as the general ideas underlying such measures. The deadline for comments is 25 November 2008. | ||
| 590 | _aKA | ||
| 651 | 4 |
_aScotland _y1999- |
|
| 690 | _aENVIRONMENTAL AND LAND CONSULTANCY-ENERGY-ENERGY USE-ENERGY EFFICIENCY | ||
| 856 | 4 | 0 |
_uhttps://www.scotland.gov.uk/Publications/2008/08/15155233/0 _zView the consultation free of charge at www.scotland.gov.uk... |
| 942 | _n0 | ||
| 999 |
_c85461 _d85461 |
||